| Tag |
First Indicator |
Second Indicator |
Subfields |
| LEADER |
00000cam a2200000 a 4500 |
| 001 |
in00000026125 |
| 005 |
20151007055821.0 |
| 008 |
880412s1987 ko ab 00000 eng d |
| 035 |
|
|
|a (OCoLC)17779797
|
| 035 |
|
|
|9 AAB9340AM
|
| 040 |
|
|
|a GZG
|c GZG
|d TXA
|d UtOrBLW
|
| 049 |
|
|
|a TXAM
|c [A11111780]
|
| 050 |
|
4 |
|a DS902.4
|b .K86 1987
|
| 245 |
0 |
0 |
|a Korea, 1987 travel manual.
|
| 264 |
|
1 |
|a Seoul :
|b Korea National Tourism Corp.,
|c [1987]
|
| 300 |
|
|
|a 186 pages :
|b color illustrations, maps ;
|c 28 cm.
|
| 336 |
|
|
|a text
|b txt
|2 rdacontent
|
| 337 |
|
|
|a unmediated
|b n
|2 rdamedia
|
| 338 |
|
|
|a volume
|b nc
|2 rdacarrier
|
| 500 |
|
|
|a Title from cover.
|
| 500 |
|
|
|a Includes index.
|
| 651 |
|
0 |
|a Korea (South)
|x Description and travel
|x Guidebooks.
|
| 710 |
2 |
|
|a Kukche Kwan'gwang Kongsa.
|
| 740 |
0 |
|
|a Korea, travel manual, 1987.
|
| 999 |
|
|
|a MARS
|
| 999 |
f |
f |
|s 916d1ec0-2d0c-3a65-8b02-a3b4b00b19dd
|i 26ea8d15-548c-3fcc-85f9-664ff15013b9
|t 0
|
| 952 |
f |
f |
|p ric
|a Texas A&M University
|b Rellis Campus
|c Joint Library Facility
|d Remote Storage
|t 0
|e DS902.4 .K86 1987
|h Library of Congress classification
|i unmediated -- volume
|m A14811111780
|
| 998 |
f |
f |
|a DS902.4 .K86 1987
|t 0
|l Remote Storage
|